Flags of Countries of the World in 1950 - Statistics

General Stats
  • This quiz has been taken 801 times
    759 since last reset
  • The average score is 70 of 86
Answer Stats
Picture Answer % Correct
South Korea
100%
Poland
98%
Chile
97%
Finland
95%
Pakistan
95%
Israel
94%
Uruguay
94%
Bulgaria
93%
Panama
93%
San Marino
93%
Czechoslovakia
91%
Belgium
90%
Switzerland
89%
Turkey
89%
Afghanistan
88%
China (People's Republic of)
88%
Nepal
88%
United States
88%
Albania
87%
Denmark
87%
Lebanon
87%
Luxembourg
87%
Netherlands
87%
North Vietnam
87%
Norway
87%
Soviet Union
87%
Spain
87%
China (Republic of)
86%
India
86%
Indonesia
86%
Liberia
86%
Monaco
86%
Peru
86%
Thailand
86%
West Germany / East Germany
86%
Brazil
85%
Ireland
85%
Jordan
85%
Mexico
85%
Mongolia
85%
United Kingdom
85%
Vatican City
85%
Argentina
84%
Australia
84%
Bhutan
84%
Colombia
84%
France
84%
Italy
84%
New Zealand
84%
Paraguay
84%
Portugal
84%
Saudi Arabia
84%
Venezuela
84%
Ceylon
83%
Ecuador
83%
Hungary
83%
Iceland
83%
North Korea
83%
Sweden
83%
Cuba
82%
Philippines
82%
Dominican Republic
81%
Liechtenstein
81%
Costa Rica
80%
Haiti
80%
Honduras
80%
Nicaragua
80%
Romania
80%
Yugoslavia
80%
Andorra
79%
El Salvador
79%
Bolivia
78%
Guatemala
78%
South Africa
77%
Canada
76%
Ethiopia
75%
Greece
72%
Tibet
72%
Syria
70%
Iraq
64%
Iran
61%
Egypt
53%
Burma
51%
Yemen
47%
Sikkim
29%
Trieste
27%
No matching quizzes found
Score Distribution
Percent of People with Each Score
Percentile by Number Answered
Your Score History
You have not taken this quiz since the last reset